On This Day: October 22nd Quiz Stats

 Plays Quiz Updated Oct 22, 2017

Challenge
Share
Tweet
Embed
Score 0/7 Timer 03:00
0 Plays Today
Question Answer Wrong Answers
Using a filament of carbonized thread, this man successfully tests the first practical electric incandescent light bulb.
1879
Thomas Edison
91.6%
Nikola Tesla
6.4%
Henry Ford
0.7%
Hiram Maxim
0.5%
This group becomes the first all-female group to have an album reach number one on the US Billboard 200.
1966
The Supremes
88.7%
The Marvelettes
1.6%
The Shirelles
3.3%
The Ronettes
4.6%
The Kashmir conflict, a territorial conflict primarily between India and ______, begins following the partition of India.
1947
Pakistan
84.5%
Bhutan
1.8%
China
4.3%
Nepal
8.1%
US President John F. Kennedy announces that American reconnaissance planes have discovered Soviet ______ in Cuba.
1962
Nuclear Weapons
79.9%
Spies
6.2%
Leaders
0.6%
Airfields
11.8%
______ is released, popularizing a genre of open-world video games, as well as spurring controversy around violence in video games.
2001
Grand Theft Auto III
68%
GoldenEye 007
3.6%
Halo: Combat Evolved
23.4%
Half-Life 2
2.9%
This man is inaugurated as the first President of the Republic of Texas.
1836
Sam Houston
63.8%
Stephen F. Austin
28.9%
James K. Polk
4.6%
James Bowie
2.7%
This man, one of the leading figures in 20th-century French philosophy, is awarded the Nobel Prize in Literature, but turns down the honor.
1964
Jean-Paul Sartre
56.7%
Albert Camus
15.6%
René Descartes
16.6%
Franz Kafka
9.4%

You're not logged in!

Compare scores with friends on all Sporcle quizzes.
OR
Log In

You Might Also Like...

Show Comments

Extras

Top Quizzes Today


Score Distribution

Your Account Isn't Verified!

In order to create a playlist on Sporcle, you need to verify the email address you used during registration. Go to your Sporcle Settings to finish the process.

Report this User

Report this user for behavior that violates our Community Guidelines.

Details: